[Event "Hamburger SK-Delmenhorster SK"]
[Site "Greifswald"]
[Date "2017.09.09"]
[Round "6.1"]
[White "Silber, Kevin"]
[Black "Holinka, Henning"]
[Result "1-0"]
[WhiteElo "1993"]
[BlackElo "2026"]
[PlyCount "63"]
[EventDate "2017.??.??"]
[WhiteTeam "Delmenhorster SK"]
[BlackTeam "Hamburger SK"]

1. e4 g6 2. d4 Bg7 3. Nc3 d6 4. f4 a6 5. Nf3 b5 6. Bd3 Nd7 7. e5 c5 8. Be4 Rb8
9. O-O cxd4 10. Nxd4 dxe5 11. Nc6 Qb6+ 12. Kh1 Ngf6 13. Nxb8 Qxb8 14. fxe5 Nxe5
15. Bf4 O-O 16. Bf3 Be6 17. Re1 Nfd7 18. Nd5 Qd6 19. Bg5 Bxd5 20. Qxd5 Qxd5 21.
Bxd5 e6 22. Bb3 Ng4 23. c3 Nde5 24. Re2 Nd3 25. Rf1 Nge5 26. Kg1 Nc4 27. Bxc4
bxc4 28. Rd1 Rb8 29. b3 cxb3 30. Rxd3 b2 31. Rxb2 Rxb2 32. Rd8+ 1-0

[Event "Hamburger SK-Delmenhorster SK"]
[Site "Greifswald"]
[Date "2017.09.09"]
[Round "6.2"]
[White "Engel, Robert"]
[Black "Steffens, Oliver"]
[Result "1-0"]
[WhiteElo "2001"]
[BlackElo "1985"]
[PlyCount "63"]
[EventDate "2017.??.??"]
[WhiteTeam "Hamburger SK"]
[BlackTeam "Delmenhorster SK"]

1. e4 e5 2. Nc3 Nc6 3. Nf3 Nf6 4. Be2 Be7 5. d4 exd4 6. Nxd4 Nxd4 7. Qxd4 d6 8.
Be3 O-O 9. f3 Be6 10. O-O-O Re8 11. g4 Nd7 12. h4 Ne5 13. Rdg1 c5 14. Qd2 Qa5
15. Kb1 Nc4 16. Bxc4 Bxc4 17. b3 Qb4 18. Nd5 Bxd5 19. exd5 Qa3 20. g5 a5 21.
Qc3 Bd8 22. Re1 Bb6 23. h5 Qb4 24. Bd2 Re5 25. Qxe5 dxe5 26. Bxb4 cxb4 27. Rxe5
Kf8 28. d6 Bd4 29. Re4 Bc5 30. d7 Rd8 31. Rhe1 Rxd7 32. Re8# 1-0

[Event "Hamburger SK-Delmenhorster SK"]
[Site "Greifswald"]
[Date "2017.09.09"]
[Round "6.3"]
[White "Petri, Ben-Luca"]
[Black "Fuhrmann, Äke"]
[Result "1/2-1/2"]
[WhiteElo "1779"]
[BlackElo "1871"]
[PlyCount "72"]
[EventDate "2017.??.??"]
[WhiteTeam "Delmenhorster SK"]
[BlackTeam "Hamburger SK"]

1. e4 c5 2. c3 Nf6 3. e5 Nd5 4. d4 cxd4 5. Nf3 Nc6 6. Bc4 Nb6 7. Bb3 d5 8. exd6
Qxd6 9. O-O Bg4 10. Bxf7+ Kd7 11. h3 Bxf3 12. Qxf3 Qf6 13. Bh5 Qxf3 14. Bxf3 e5
15. Rd1 Kc7 16. Bxc6 bxc6 17. cxd4 Rd8 18. Bg5 Rxd4 19. Nc3 Bb4 20. Ne2 Rxd1+
21. Rxd1 Nd5 22. Ng3 h6 23. Bd2 a5 24. Ne4 Nf6 25. Nxf6 gxf6 26. Be3 h5 27. Kf1
f5 28. f3 Rg8 29. Kf2 Rg7 30. b3 Rg8 31. Kf1 Rg6 32. Kf2 Rg8 33. g3 a4 34. Rc1
axb3 35. axb3 Ra8 36. Rc4 Ra2+ 1/2-1/2

[Event "Hamburger SK-Delmenhorster SK"]
[Site "Greifswald"]
[Date "2017.09.09"]
[Round "6.4"]
[White "Foo, Tzun Hong"]
[Black "Sinnhöfer, Jonas"]
[Result "0-1"]
[WhiteElo "1796"]
[BlackElo "1870"]
[PlyCount "150"]
[EventDate "2017.??.??"]
[WhiteTeam "Hamburger SK"]
[BlackTeam "Delmenhorster SK"]

1. e4 e5 2. Nf3 Nc6 3. Bb5 Nf6 4. O-O Nxe4 5. Re1 d5 6. d3 Nxf2 7. Kxf2 f6 8.
Be3 Bb4 9. c3 Be7 10. Nbd2 O-O 11. Kg1 a6 12. Bxc6 bxc6 13. Nb3 Bg4 14. Rf1 Bh5
15. Qc2 Bd6 16. Nh4 Re8 17. Nf5 Bf8 18. Qf2 Bg6 19. Qg3 Qd7 20. Qg4 Rad8 21.
Nc5 Qc8 22. b4 Kf7 23. Qf3 Bd6 24. Nh4 e4 25. Qf2 exd3 26. Nxg6 hxg6 27. Nxd3
Qg4 28. Qf3 Qc4 29. Bd4 Re4 30. Rae1 Rde8 31. a4 Rxe1 32. Rxe1 Rxe1+ 33. Nxe1
Bxb4 34. Qd3 Qb3 35. cxb4 Qxb4 36. Nf3 Qxa4 37. Bc3 Qb3 38. Nd2 Qb6+ 39. Qd4
Ke6 40. Kf1 Qb5+ 41. Ke1 c5 42. Qg4+ Kf7 43. Qf4 Qb6 44. Nf3 d4 45. Nxd4 cxd4
46. Qxd4 Qc6 47. Kf2 g5 48. Bb4 Qc2+ 49. Qd2 Qf5+ 50. Kg1 Qb1+ 51. Qe1 Qc2 52.
h3 c5 53. Ba5 c4 54. Qc3 Qd1+ 55. Kh2 Qd6+ 56. Qg3 Ke6 57. Qxd6+ Kxd6 58. Kg3
Ke5 59. Kf3 Kd4 60. Ke2 c3 61. Kd1 Kd3 62. Bb4 f5 63. Be7 g4 64. h4 g6 65. g3
a5 66. Kc1 a4 67. Bd6 c2 68. Kb2 Kd2 69. Bf4+ Kd1 70. Bg5 a3+ 71. Kxa3 c1=Q+
72. Bxc1 Kxc1 73. Kb3 Kd2 74. Kc4 Ke3 75. Kd5 Kf3 0-1

[Event "Stader SV-AE Magdeburg"]
[Site "Greifswald"]
[Date "2017.09.09"]
[Round "6.1"]
[White "Roseneck, Jonas"]
[Black "Bargsten, Justus"]
[Result "1-0"]
[WhiteElo "2134"]
[BlackElo "1890"]
[PlyCount "85"]
[EventDate "2017.??.??"]
[WhiteTeam "AE Magdeburg"]
[BlackTeam "Stader SV"]

1. e4 e5 2. Nf3 Nc6 3. Bc4 Bc5 4. O-O Nf6 5. d3 d6 6. c3 a5 7. a4 h6 8. h3 Ba7
9. Nbd2 O-O 10. Re1 Re8 11. Nf1 Ne7 12. Qb3 Rf8 13. Ng3 c6 14. Qc2 Be6 15. Bxe6
fxe6 16. d4 exd4 17. cxd4 d5 18. Qb3 Qb6 19. Qxb6 Bxb6 20. exd5 Nexd5 21. Rxe6
Rae8 22. Rxe8 Rxe8 23. Bd2 Ne4 24. Re1 Ndf6 25. Nxe4 Rxe4 26. Rxe4 Nxe4 27. Be3
Kf7 28. Kf1 Bc7 29. Ke2 Ke6 30. Kd3 Kd5 31. Ng1 b5 32. Ne2 b4 33. f3 Nf6 34.
Nf4+ Bxf4 35. Bxf4 Nd7 36. Bc7 c5 37. Bxa5 cxd4 38. Bxb4 Ne5+ 39. Kc2 Nc4 40.
Bd2 h5 41. Bf4 Kc5 42. b3 Na5 43. b4+ 1-0

[Event "Stader SV-AE Magdeburg"]
[Site "Greifswald"]
[Date "2017.09.09"]
[Round "6.2"]
[White "Hammann, Moritz"]
[Black "Wagner, Benjamin"]
[Result "0-1"]
[WhiteElo "1708"]
[BlackElo "1988"]
[PlyCount "66"]
[EventDate "2017.??.??"]
[WhiteTeam "Stader SV"]
[BlackTeam "AE Magdeburg"]

1. e4 e5 2. Nf3 Nc6 3. d4 exd4 4. Nxd4 Bc5 5. Be3 Qf6 6. Nb5 Bxe3 7. fxe3 Qh4+
8. g3 Qd8 9. Qg4 g6 10. Qf4 d6 11. Bc4 Ne5 12. O-O Qe7 13. Bb3 Bh3 14. Rf2 g5
15. Nxc7+ Kf8 16. Qxe5 dxe5 17. Rxf7+ Qxf7 18. Bxf7 Rc8 19. Ne6+ Bxe6 20. Bxe6
Rxc2 21. Na3 Rxb2 22. Nc4 Rb5 23. Bd5 Nf6 24. Rd1 Ke7 25. Nxe5 Rd8 26. Nf7
Rbxd5 27. exd5 Kxf7 28. Kf2 Rxd5 29. Rc1 Ke6 30. Rc8 Rd2+ 31. Kf3 Rxa2 32. Rc7
h6 33. h3 Rb2 0-1

[Event "Stader SV-AE Magdeburg"]
[Site "Greifswald"]
[Date "2017.09.09"]
[Round "6.3"]
[White "Hoffmann, Lennard"]
[Black "Kowalski, Ben Wito"]
[Result "1-0"]
[WhiteElo "1957"]
[BlackElo "1602"]
[PlyCount "51"]
[EventDate "2017.??.??"]
[WhiteTeam "AE Magdeburg"]
[BlackTeam "Stader SV"]

1. e4 a6 2. d4 b5 3. Bf4 Bb7 4. Bd3 e6 5. Nf3 c5 6. c3 Nf6 7. Nbd2 Nc6 8. O-O
Qb6 9. Kh1 cxd4 10. cxd4 Bb4 11. Nb3 Rc8 12. a3 Be7 13. Rc1 O-O 14. Bb1 Na5 15.
Rxc8 Rxc8 16. Re1 Nc4 17. Re2 Nxe4 18. Bxe4 Bxe4 19. Rxe4 Nxb2 20. Qa1 Rc2 21.
Ne1 Qc6 22. f3 Rf2 23. Kg1 Bh4 24. g3 Rxf3 25. Nc5 Rxf4 26. Rxf4 1-0

[Event "Stader SV-AE Magdeburg"]
[Site "Greifswald"]
[Date "2017.09.09"]
[Round "6.4"]
[White "Ahlf, Nico"]
[Black "Delgado, Robin"]
[Result "0-1"]
[WhiteElo "1606"]
[BlackElo "1685"]
[PlyCount "104"]
[EventDate "2017.??.??"]
[WhiteTeam "Stader SV"]
[BlackTeam "AE Magdeburg"]

1. d4 Nf6 2. Nf3 c5 3. e3 cxd4 4. Nxd4 e6 5. c4 a6 6. Nc3 Qc7 7. b3 Bb4 8. Bd2
Nc6 9. Na4 Be7 10. Be2 Ne4 11. Nxc6 dxc6 12. O-O O-O 13. Bf3 Nxd2 14. Qxd2 Rd8
15. Qc2 c5 16. Nc3 Bd7 17. Rfd1 Bc6 18. Bxc6 Qxc6 19. a4 Bf6 20. Rxd8+ Rxd8 21.
Rd1 Qc7 22. Rxd8+ Qxd8 23. Ne4 Be7 24. g3 Qd7 25. Qe2 f5 26. Nd2 Bf6 27. h4 e5
28. Nf3 e4 29. Ne1 Qd6 30. Qc2 Kf7 31. Kg2 Bd8 32. Qe2 g6 33. Nc2 Qd3 34. Kf1
Qxb3 35. Qd2 Qd3+ 36. Qxd3 exd3 37. Na3 Ba5 38. f4 h6 39. Nb1 Kf6 40. Kf2 g5
41. hxg5+ hxg5 42. Na3 gxf4 43. gxf4 Kg6 44. Kf3 Kh5 45. Kf2 Kg4 46. Nb1 Bb4
47. e4 fxe4 48. Ke3 Kf5 49. Nd2 Bxd2+ 50. Kxd2 Kxf4 51. a5 Kf3 52. Kc3 Ke2 0-1

[Event "Mattnetz Berlin-Post SV Uelzen"]
[Site "Greifswald"]
[Date "2017.09.09"]
[Round "6.1"]
[White "von Estorff, Jacob"]
[Black "Verbitsky, Jaroslaw"]
[Result "1-0"]
[WhiteElo "1886"]
[BlackElo "1828"]
[PlyCount "75"]
[EventDate "2017.??.??"]
[WhiteTeam "Post SV Uelzen"]
[BlackTeam "Mattnetz Berlin"]

1. e4 c6 2. d4 d5 3. e5 Bf5 4. Nc3 e6 5. g4 Bg6 6. Nge2 h6 7. Nf4 Bh7 8. Be3 c5
9. Qd2 cxd4 10. Bxd4 Nc6 11. Nce2 Qc7 12. Bg2 Nxe5 13. Bxe5 Qxe5 14. O-O Nf6
15. Rfe1 Bd6 16. c4 Ne4 17. Qa5 g5 18. f3 gxf4 19. cxd5 Nf6 20. Qa4+ Kf8 21.
dxe6 Bc5+ 22. Kh1 fxe6 23. Nxf4 Qd6 24. Nxe6+ Kf7 25. Qc4 Kg6 26. Nxc5 Rac8 27.
Qd3+ Qxd3 28. Nxd3 Kf7 29. Ne5+ Kg7 30. Rac1 Rhe8 31. f4 b6 32. Bb7 Rcd8 33.
Rc7+ Kg8 34. Ba6 Kh8 35. Bc4 Rxe5 36. fxe5 Nxg4 37. Re2 Re8 38. e6 1-0

[Event "Mattnetz Berlin-Post SV Uelzen"]
[Site "Greifswald"]
[Date "2017.09.09"]
[Round "6.2"]
[White "Petersen, Marcel"]
[Black "Knüdel, Torben"]
[Result "1-0"]
[WhiteElo "1608"]
[BlackElo "1837"]
[PlyCount "63"]
[EventDate "2017.??.??"]
[WhiteTeam "Mattnetz Berlin"]
[BlackTeam "Post SV Uelzen"]

1. e4 e6 2. d4 d5 3. e5 c5 4. c3 Nc6 5. Nf3 Qb6 6. Be2 Bd7 7. O-O Rc8 8. Na3
Be7 9. Nc2 f6 10. Rb1 fxe5 11. dxe5 Nh6 12. Bxh6 gxh6 13. Qd2 Qc7 14. Qxh6 Nxe5
15. Ng5 Bxg5 16. Qxg5 Ng6 17. Bh5 Bb5 18. Rfe1 Qf7 19. Qxd5 O-O 20. Qxe6 Qxe6
21. Rxe6 Bc4 22. Rd6 Bxa2 23. Ra1 Bb3 24. Bxg6 hxg6 25. Ne3 a6 26. Rxg6+ Kf7
27. Rb6 c4 28. Rxb7+ Kg8 29. Rxa6 Rfd8 30. h4 Rd2 31. Nf5 Re8 32. Rg7+ 1-0

[Event "Mattnetz Berlin-Post SV Uelzen"]
[Site "Greifswald"]
[Date "2017.09.09"]
[Round "6.3"]
[White "Askerov, Imamali"]
[Black "Stockter, Jasper Enno"]
[Result "1-0"]
[WhiteElo "1810"]
[BlackElo "1576"]
[PlyCount "41"]
[EventDate "2017.??.??"]
[WhiteTeam "Post SV Uelzen"]
[BlackTeam "Mattnetz Berlin"]

1. e4 e6 2. d4 d5 3. Nd2 Nf6 4. e5 Nfd7 5. c3 c5 6. f4 Nc6 7. Ndf3 Qb6 8. g3
cxd4 9. cxd4 Bb4+ 10. Kf2 O-O 11. Bh3 Re8 12. Kg2 Be7 13. Ne2 Qb5 14. Rf1 b6
15. Nc3 Qc4 16. Be3 Ba6 17. Rf2 Qd3 18. Qxd3 Bxd3 19. Nxd5 Rac8 20. Rc1 Nb4 21.
Nxe7+ 1-0

[Event "Mattnetz Berlin-Post SV Uelzen"]
[Site "Greifswald"]
[Date "2017.09.09"]
[Round "6.4"]
[White "Karge, Ole Jannes"]
[Black "Rothenberg, Jannik"]
[Result "0-1"]
[WhiteElo "1349"]
[BlackElo "1783"]
[PlyCount "48"]
[EventDate "2017.??.??"]
[WhiteTeam "Mattnetz Berlin"]
[BlackTeam "Post SV Uelzen"]

1. e4 e6 2. c4 c5 3. Nc3 Nc6 4. Nf3 d6 5. d3 Nf6 6. Be2 Be7 7. O-O O-O 8. a3 b6
9. Be3 Bb7 10. Qc2 d5 11. exd5 exd5 12. d4 cxd4 13. Nxd4 Nxd4 14. Bxd4 dxc4 15.
Bxf6 Bxf6 16. Bxc4 Rc8 17. Nb5 Be5 18. Rad1 Qh4 19. f4 Bxf4 20. Rxf4 Qxf4 21.
Nd6 Rc7 22. Qb3 Rd7 23. Qb4 Qg5 24. g3 Qe3+ 0-1

[Event "Doppelbauer Kiel-USV Halle"]
[Site "Greifswald"]
[Date "2017.09.09"]
[Round "6.1"]
[White "Perekhozhuk, Maksym"]
[Black "Arndt, Magnus"]
[Result "1/2-1/2"]
[WhiteElo "1922"]
[BlackElo "2055"]
[PlyCount "78"]
[EventDate "2017.??.??"]
[WhiteTeam "USV Halle"]
[BlackTeam "Doppelbauer Kiel"]

1. e4 e5 2. Nf3 Nc6 3. Bc4 Nf6 4. Ng5 d5 5. exd5 Na5 6. Bb5+ c6 7. dxc6 bxc6 8.
Bd3 Nd5 9. Nf3 Bd6 10. O-O Nf4 11. Re1 Nxd3 12. cxd3 O-O 13. Nc3 Re8 14. Ne4
Bf8 15. Ng3 c5 16. Nxe5 Bb7 17. Nc4 Qd5 18. f3 Nxc4 19. dxc4 Qxc4 20. Kh1 Qh4
21. d3 Bd6 22. f4 Bxf4 23. Bxf4 Qxf4 24. Rf1 Qg5 25. Qc2 Qd5 26. Rf5 Re5 27.
Rxe5 Qxe5 28. Rf1 Re8 29. Qf2 Qc7 30. d4 cxd4 31. Qxd4 Qc2 32. Qf2 Qxf2 33.
Rxf2 Re1+ 34. Rf1 Rxf1+ 35. Nxf1 Kf8 36. Kg1 Ke7 37. Kf2 Kd6 38. g3 Ke5 39. Ke3
Bd5 1/2-1/2

[Event "Doppelbauer Kiel-USV Halle"]
[Site "Greifswald"]
[Date "2017.09.09"]
[Round "6.2"]
[White "Günther, Emil"]
[Black "Paskalev, Vasil"]
[Result "1-0"]
[WhiteElo "1574"]
[BlackElo "1749"]
[PlyCount "63"]
[EventDate "2017.??.??"]
[WhiteTeam "Doppelbauer Kiel"]
[BlackTeam "USV Halle"]

1. c4 Nf6 2. Nf3 d6 3. g3 c6 4. Bg2 e5 5. d3 Nbd7 6. O-O Be7 7. Nc3 O-O 8. Qc2
Re8 9. a3 a5 10. Rb1 Qc7 11. Bd2 Bf8 12. b4 axb4 13. axb4 d5 14. cxd5 cxd5 15.
Rfc1 Nb6 16. Nxd5 Nbxd5 17. Qxc7 Nxc7 18. Rxc7 Nd5 19. Rc2 f6 20. Ne1 Be6 21.
Rcb2 b5 22. Nc2 Rac8 23. Ne3 Nc3 24. Bxc3 Rxc3 25. Bd5 Kf7 26. Bxe6+ Kxe6 27.
Ra2 f5 28. Ra6+ Kd7 29. Nxf5 g6 30. Ne3 e4 31. dxe4 Rxe4 32. Nd5 1-0

[Event "Doppelbauer Kiel-USV Halle"]
[Site "Greifswald"]
[Date "2017.09.09"]
[Round "6.3"]
[White "Schulemann, Gero"]
[Black "Steinbach, Julian"]
[Result "0-1"]
[WhiteElo "1684"]
[BlackElo "1343"]
[PlyCount "106"]
[EventDate "2017.??.??"]
[WhiteTeam "USV Halle"]
[BlackTeam "Doppelbauer Kiel"]

1. e4 e5 2. Nf3 Nc6 3. Bc4 Bc5 4. c3 Nf6 5. d3 d6 6. Nbd2 O-O 7. h3 Be6 8. Bb3
Qe7 9. Nf1 a6 10. Ng3 Qd7 11. d4 exd4 12. cxd4 Bxb3 13. axb3 Bb4+ 14. Bd2 Rfe8
15. O-O Bxd2 16. Qxd2 Nxe4 17. Nxe4 Rxe4 18. Qd3 Re7 19. Ng5 f5 20. Rfe1 Rxe1+
21. Rxe1 h6 22. Nf3 Re8 23. Rxe8+ Qxe8 24. Qxf5 Nd8 25. Qc2 Qc6 26. Qc4+ d5 27.
Qe2 Qe6 28. Qc2 Qc6 29. Qd3 Qc1+ 30. Kh2 Qxb2 31. Qf5 Nc6 32. Qxd5+ Kh8 33. Kg3
Qc2 34. Qf7 Na5 35. Nh4 Qxb3+ 36. Qxb3 Nxb3 37. d5 a5 38. Nf3 a4 39. Ne1 a3 40.
Nc2 a2 41. Kf4 Kg8 42. Ke5 Kf8 43. Ke6 Ke8 44. g4 a1=Q 45. Nxa1 Nxa1 46. f4 b5
47. g5 hxg5 48. fxg5 b4 49. h4 b3 50. h5 b2 51. h6 gxh6 52. g6 b1=Q 53. g7 Qg6+
0-1

[Event "Doppelbauer Kiel-USV Halle"]
[Site "Greifswald"]
[Date "2017.09.09"]
[Round "6.4"]
[White "Jüngerich, Robin"]
[Black "Petrick, Valentin"]
[Result "1-0"]
[WhiteElo "986"]
[BlackElo "1369"]
[PlyCount "103"]
[EventDate "2017.??.??"]
[WhiteTeam "Doppelbauer Kiel"]
[BlackTeam "USV Halle"]

1. d4 Nf6 2. c4 e5 3. dxe5 Ng4 4. e4 Nxe5 5. Nc3 Bb4 6. Nf3 Bxc3+ 7. bxc3 Nbc6
8. Ba3 Nxf3+ 9. Qxf3 Ne5 10. Qg3 Ng6 11. Bd3 d6 12. c5 dxc5 13. Bxc5 b6 14. Bd4
O-O 15. O-O c5 16. Bxg7 Kxg7 17. f4 Qh4 18. Qf3 Bb7 19. g3 Qh3 20. Rfe1 f5 21.
Bf1 Qg4 22. Qxg4 fxg4 23. Rad1 Rad8 24. e5 Bf3 25. Rxd8 Rxd8 26. f5 Nf8 27. e6
Re8 28. Kf2 Kf6 29. Bd3 c4 30. Bc2 b5 31. h3 h5 32. a3 Nh7 33. h4 Nf8 34. Re3
a6 35. Re1 Nxe6 36. fxe6 Rxe6 37. Rxe6+ Kxe6 38. Ke3 Ke5 39. a4 Bc6 40. a5 Be8
41. Bb1 b4 42. cxb4 Ba4 43. Bg6 c3 44. Bxh5 Bc2 45. Bxg4 Bh7 46. Bc8 c2 47. Kd2
Kd4 48. Bxa6 Bg6 49. Bb7 Kc4 50. a6 Kb3 51. Kc1 Kxb4 52. a7 1-0

[Event "SC Kreuzberg-Peiner SV"]
[Site "Greifswald"]
[Date "2017.09.09"]
[Round "6.1"]
[White "Kück, Artur"]
[Black "Dathe, Frederick"]
[Result "1/2-1/2"]
[WhiteElo "1720"]
[BlackElo "1833"]
[PlyCount "34"]
[EventDate "2017.??.??"]
[WhiteTeam "Peiner SV"]
[BlackTeam "SC Kreuzberg"]

1. e4 g6 2. d4 Bg7 3. Nc3 d6 4. Be3 a6 5. Bc4 b5 6. Bb3 Bb7 7. f3 Nd7 8. Nce2
c5 9. c3 Qc7 10. Nh3 Ngf6 11. O-O O-O 12. Qd2 c4 13. Bc2 Rad8 14. Bh6 e5 15. d5
Nc5 16. Be3 Ra8 17. b4 Ncd7 1/2-1/2

[Event "SC Kreuzberg-Peiner SV"]
[Site "Greifswald"]
[Date "2017.09.09"]
[Round "6.2"]
[White "Rose, Luis Stratos"]
[Black "Behme, Elias"]
[Result "1/2-1/2"]
[WhiteElo "1703"]
[BlackElo "1456"]
[PlyCount "43"]
[EventDate "2017.??.??"]
[WhiteTeam "SC Kreuzberg"]
[BlackTeam "Peiner SV"]

1. Nf3 d5 2. d3 c5 3. g3 Nc6 4. Bg2 e5 5. O-O Nf6 6. Nbd2 Be7 7. e4 dxe4 8.
dxe4 Bg4 9. c3 O-O 10. a4 Qd3 11. Re1 Rfd8 12. Qe2 Qxe2 13. Rxe2 Rd3 14. h3 Bh5
15. g4 Bg6 16. Nh4 Rad8 17. Nf5 Bxf5 18. exf5 Nd7 19. Re3 Rxe3 20. fxe3 Na5 21.
Rb1 Nb6 22. Kf2 1/2-1/2

[Event "SC Kreuzberg-Peiner SV"]
[Site "Greifswald"]
[Date "2017.09.09"]
[Round "6.3"]
[White "Arvis, Yekta Umut"]
[Black "Hecht, Jonas Christian"]
[Result "1/2-1/2"]
[WhiteElo "1178"]
[BlackElo "1567"]
[PlyCount "55"]
[EventDate "2017.??.??"]
[WhiteTeam "Peiner SV"]
[BlackTeam "SC Kreuzberg"]

1. d4 Nf6 2. c4 c5 3. e3 e6 4. Nf3 a6 5. Nc3 d5 6. Bd3 Nc6 7. O-O Be7 8. Re1
O-O 9. e4 cxd4 10. exd5 exd5 11. Ne2 Bg4 12. Ng3 Bb4 13. Bd2 Bxd2 14. Qxd2 Qd7
15. Ne5 Nxe5 16. Rxe5 dxc4 17. Bxc4 Rad8 18. h3 Qc7 19. Rae1 Rfe8 20. Rxe8+
Rxe8 21. Rxe8+ Nxe8 22. Qe1 Qc6 23. Qd1 Qd7 24. Ne4 Bh5 25. g4 Bg6 26. g5 h6
27. Qe2 hxg5 28. Nxg5 1/2-1/2

[Event "SC Kreuzberg-Peiner SV"]
[Site "Greifswald"]
[Date "2017.09.09"]
[Round "6.4"]
[White "Lieske, Aaron"]
[Black "Stein, Luis"]
[Result "1/2-1/2"]
[WhiteElo "1146"]
[BlackElo "1363"]
[PlyCount "55"]
[EventDate "2017.??.??"]
[WhiteTeam "SC Kreuzberg"]
[BlackTeam "Peiner SV"]

1. e4 d6 2. d4 c6 3. Nf3 Bg4 4. Nc3 Nd7 5. h3 Bh5 6. Bc4 Qc7 7. Bf4 Bxf3 8.
Qxf3 e5 9. dxe5 dxe5 10. Bxf7+ Kd8 11. Bg5+ Ngf6 12. Bxf6+ Nxf6 13. Rd1+ Bd6
14. Be6 Qe7 15. Bf5 g6 16. Qd3 Kc7 17. Bg4 Nxg4 18. hxg4 Rad8 19. Qc4 Bb4 20.
g3 Bxc3+ 21. Qxc3 Rxd1+ 22. Kxd1 Re8 23. Qa5+ Kb8 24. Kc1 Qg5+ 25. Qd2 Qxg4 26.
Rxh7 Qxe4 27. b3 Qf5 28. Kb1 1/2-1/2

[Event "Makkabi Rostock-SK Lehrte"]
[Site "Greifswald"]
[Date "2017.09.09"]
[Round "6.1"]
[White "Stelmaszyk, Nico"]
[Black "Schamber, Dennis"]
[Result "1-0"]
[WhiteElo "1912"]
[BlackElo "1696"]
[PlyCount "63"]
[EventDate "2017.??.??"]
[WhiteTeam "SK Lehrte"]
[BlackTeam "Makkabi Rostock"]

1. e4 c5 2. c3 d5 3. exd5 Qxd5 4. Nf3 Nf6 5. d4 e6 6. Be3 Ng4 7. Bd3 Nc6 8. O-O
Be7 9. h3 Nxe3 10. fxe3 O-O 11. Nbd2 b6 12. Be4 Qd6 13. Ne5 Bd7 14. Ndc4 Qc7
15. Qf3 Nxe5 16. Nxe5 Rac8 17. Nxf7 Bf6 18. Qh5 Rxf7 19. Bxh7+ Kf8 20. Bg6 Bb5
21. Rf2 Rd7 22. e4 Ke7 23. e5 Rf8 24. Re1 Bc4 25. b3 cxd4 26. bxc4 dxc3 27.
exf6+ Rxf6 28. Rxe6+ Rxe6 29. Rf7+ Ke8 30. Rf8+ Ke7 31. Re8+ Kd6 32. Qd5# 1-0

[Event "Makkabi Rostock-SK Lehrte"]
[Site "Greifswald"]
[Date "2017.09.09"]
[Round "6.2"]
[White "Petrow, Jonas"]
[Black "Meiwes, Thore"]
[Result "1/2-1/2"]
[WhiteElo "1647"]
[BlackElo "1687"]
[PlyCount "64"]
[EventDate "2017.??.??"]
[WhiteTeam "Makkabi Rostock"]
[BlackTeam "SK Lehrte"]

1. d4 e6 2. c4 d5 3. Nc3 c6 4. e3 Nf6 5. Nf3 Nbd7 6. Bd3 Bd6 7. O-O O-O 8. b3
Re8 9. Bb2 Nf8 10. cxd5 exd5 11. Na4 Bg4 12. Nc5 Qc7 13. h3 Bh5 14. b4 a6 15.
a4 N8d7 16. Qb3 Bxf3 17. gxf3 Nh5 18. Kh1 Ndf6 19. Rg1 Qc8 20. Kg2 Bb8 21. b5
axb5 22. axb5 Rxa1 23. Rxa1 Qc7 24. f4 g5 25. bxc6 gxf4 26. Qxb7 Qd6 27. Nd7
fxe3 28. Nxb8 Qxb8 29. Qxb8 Rxb8 30. c7 Rc8 31. fxe3 Rxc7 32. Kf3 Rb7 1/2-1/2

[Event "Makkabi Rostock-SK Lehrte"]
[Site "Greifswald"]
[Date "2017.09.09"]
[Round "6.3"]
[White "Reimer, Philip"]
[Black "Elsken Sicard, Fabian"]
[Result "1/2-1/2"]
[WhiteElo "1506"]
[BlackElo "1326"]
[PlyCount "68"]
[EventDate "2017.??.??"]
[WhiteTeam "SK Lehrte"]
[BlackTeam "Makkabi Rostock"]

1. e4 c5 2. Nf3 e6 3. b3 Nf6 4. e5 Nd5 5. Bb2 Nc6 6. Bd3 a6 7. O-O Be7 8. Nc3
Nxc3 9. Bxc3 O-O 10. Qe2 f6 11. Rae1 f5 12. a3 g5 13. h3 b5 14. Bb2 Bb7 15. Nh2
Qb6 16. Ba1 Rf7 17. Kh1 Nd4 18. Bxd4 cxd4 19. f4 gxf4 20. Rxf4 Rg7 21. Nf3 Bg5
22. Nxg5 Rxg5 23. Rg1 Kh8 24. Kh2 Rag8 25. g4 Qc5 26. h4 Rxg4 27. Rfxg4 fxg4
28. Rxg4 Rxg4 29. Qxg4 Qxe5+ 30. Qg3 Qxg3+ 31. Kxg3 h6 32. Kf4 d6 33. Be4 Bxe4
34. Kxe4 Kg7 1/2-1/2

[Event "Makkabi Rostock-SK Lehrte"]
[Site "Greifswald"]
[Date "2017.09.09"]
[Round "6.4"]
[White "Röste, Hugo"]
[Black "Schieble, Johannes"]
[Result "0-1"]
[WhiteElo "1358"]
[BlackElo "1379"]
[PlyCount "112"]
[EventDate "2017.??.??"]
[WhiteTeam "Makkabi Rostock"]
[BlackTeam "SK Lehrte"]

1. d4 d5 2. c4 e6 3. Nc3 Nf6 4. Bf4 c6 5. e3 Nbd7 6. Nf3 Be7 7. c5 b6 8. b4 a5
9. a3 b5 10. Bd3 Nh5 11. g3 Nxf4 12. exf4 O-O 13. O-O Re8 14. Qc2 f5 15. Rae1
Nf6 16. Ne5 Bd7 17. f3 axb4 18. axb4 Nh5 19. Re2 Bf6 20. Qb3 Bxe5 21. Rxe5 g6
22. Ree1 g5 23. fxg5 Qxg5 24. Kf2 Qd2+ 25. Be2 Qxd4+ 26. Kg2 Qg7 27. f4 Nf6 28.
Bf3 Ne4 29. Bxe4 fxe4 30. Rd1 Kh8 31. Qc2 Rf8 32. Qd2 Rad8 33. Qd4 Qxd4 34.
Rxd4 e5 35. Rd2 exf4 36. Rxf4 Rxf4 37. gxf4 Bf5 38. Rd1 d4 39. Ne2 d3 40. Nc3
Bg4 41. Ra1 d2 42. Nd1 e3 43. Nxe3 d1=Q 44. Nxd1 Rxd1 45. Rxd1 Bxd1 46. Kf2 Kg7
47. Ke3 Kf6 48. Ke4 h5 49. Ke3 Kf5 50. Kd2 Bb3 51. Ke3 Bd5 52. h3 h4 53. Kf2
Kxf4 54. Kf1 Kg3 55. Kg1 Kxh3 56. Kf1 Kg3 0-1

[Event "GA Rüdersdorf-Lübecker SV"]
[Site "Greifswald"]
[Date "2017.09.09"]
[Round "6.1"]
[White "Nassat, Vitus"]
[Black "Buller, Ian Joshua"]
[Result "1/2-1/2"]
[WhiteElo "1685"]
[BlackElo "1807"]
[PlyCount "158"]
[EventDate "2017.??.??"]
[WhiteTeam "Lübecker SV"]
[BlackTeam "GA Rüdersdorf"]

1. e4 c5 2. Nf3 d6 3. d4 cxd4 4. Nxd4 Nf6 5. Nc3 a6 6. f3 e6 7. Be3 b5 8. Be2
Nbd7 9. O-O Bb7 10. Qd2 Be7 11. a4 b4 12. Na2 d5 13. Nxb4 dxe4 14. Nbc6 Qc7 15.
Nxe7 Kxe7 16. Qb4+ Ke8 17. c4 Rb8 18. Qc3 exf3 19. Bxf3 Bxf3 20. Nxf3 Qb7 21.
Rab1 Qb3 22. Qxb3 Rxb3 23. Bd4 Ke7 24. c5 Rc8 25. Rfc1 Nb8 26. Rc3 Rxc3 27.
bxc3 Nbd7 28. Rb7 Ke8 29. Ra7 Nxc5 30. Ne5 Ncd7 31. Rxa6 Nxe5 32. Bxe5 Nd5 33.
Bxg7 Nxc3 34. Ra7 Ne4 35. h3 Rc1+ 36. Kh2 Rc2 37. a5 Ra2 38. a6 Nc5 39. Ra8+
Kd7 40. a7 Na6 41. Rf8 Nc7 42. Rxf7+ Kc6 43. Bd4 Nb5 44. Be3 h5 45. Kg3 Ra4 46.
Re7 e5 47. Rxe5 h4+ 48. Kf3 Nxa7 49. Bxa7 Rxa7 50. Re4 Rh7 51. Kf4 Kd5 52. Re2
Rg7 53. Re5+ Kd6 54. Rg5 Rf7+ 55. Kg4 Rh7 56. Kf5 Ke7 57. Kg6 Rh8 58. Kg7 Ra8
59. Rg4 Ra2 60. Kg6 Ra8 61. Re4+ Kd6 62. Kf6 Rf8+ 63. Kg7 Rf2 64. Rxh4 Rxg2+
65. Rg4 Ra2 66. h4 Ke6 67. h5 Kf5 68. Rg1 Ra7+ 69. Kh6 Ra6+ 70. Kh7 Ra7+ 71.
Rg7 Ra8 72. h6 Rf8 73. Rb7 Kf6 74. Rb6+ Kf7 75. Rb3 Kf6 76. Rf3+ Ke7 77. Rg3
Kf7 78. Rg2 Kf6 79. Rg8 Kf7 1/2-1/2

[Event "GA Rüdersdorf-Lübecker SV"]
[Site "Greifswald"]
[Date "2017.09.09"]
[Round "6.2"]
[White "Sperling, Niclas"]
[Black "Mundt, Alexandra"]
[Result "1-0"]
[WhiteElo "1639"]
[BlackElo "1573"]
[PlyCount "85"]
[EventDate "2017.??.??"]
[WhiteTeam "GA Rüdersdorf"]
[BlackTeam "Lübecker SV"]

1. e4 e5 2. Nf3 Nc6 3. Bb5 Nf6 4. O-O d6 5. d3 Be7 6. c3 Bg4 7. h3 Bh5 8. Be3
O-O 9. Nbd2 Qc8 10. Re1 Nd7 11. Nf1 f5 12. exf5 Rxf5 13. g4 Rf8 14. gxh5 Nf6
15. Kg2 h6 16. Ng3 Nh7 17. Bc4+ Kh8 18. Rg1 Na5 19. Bd5 Qe8 20. Qe2 Rb8 21. Kh2
Nc6 22. Rg2 Bf6 23. Rag1 Ne7 24. Bb3 d5 25. Bxa7 Ra8 26. Bc5 c6 27. Nxe5 Rg8
28. Bxe7 Ng5 29. Bxf6 gxf6 30. Ng6+ Kh7 31. Qxe8 Raxe8 32. Nh4 Re7 33. Ngf5 Re5
34. f4 Nf3+ 35. Nxf3 Rxg2+ 36. Rxg2 Rxf5 37. Rg4 Rxh5 38. Bd1 d4 39. Nxd4 Ra5
40. Bb3 Ra8 41. f5 h5 42. Rg6 Rf8 43. Ne6 1-0